| 000 | 00581aam a2200193 4500 | ||
|---|---|---|---|
| 005 | 20161116162319.0 | ||
| 008 | 150326b xxu||||| |||| 00| 0 spa d | ||
| 041 | _aspa | ||
| 082 | _a1.8.5 C8374L | ||
| 100 |
_aCosta Rica, Leyes, decretos, etc. _91 |
||
| 245 | _aLey Orgánica del Instituto Costarricense de Turismo | ||
| 260 |
_aCosta Rica _bEditec Editores _c2005 |
||
| 300 | _a32 páginas | ||
| 500 | _aLey de Pensionados Residentes Rentistas | ||
| 650 |
_aCOSTA RICA _931856 |
||
| 650 |
_aLEGISLACION _94 |
||
| 650 |
_aINSTITUTO COSTARRICENSE DE TURISMO _94663 |
||
| 942 | _cBK | ||
| 999 |
_c4175 _d4175 |
||